LEADER 01226nam a2200229 i 4500 001 000000253932 003 CaOOAMICUS 005 20211026112605.0 008 170420s1859 it u000 u ita u 013 $a232837 040 $aSeMil$bita 100 1 $aRichard, Giulio.$0(OLS)http://semarc/name/91171 245 10$aNapoleone 3. in Italia :$bdue mesi di campagna : Montebello, Palestro, Turbigo, Magenta, Melegnano, Solferino, Villafranca /$cdi Giulio Richard ; versione del maestro C. Minonzio. 264 1$aPavia :$bTipografia degli Eredi Bizzoni,$c1859. 300 $a175 p. ;$c19 cm. 650 04$aGuerre d'indipendenza italiane <1848-1866> - 2. 1859.$0(OLS)http://semarc/subject/44588 650 4$aNapoleone III : di Francia - Storia militare.$0(OLS)http://semarc/subject/45206 850 $aSeMil 852 $aSeMil$W1$xVenegono$y1$m3T I 140 FA$j204278$B204278$CSeMilBibl$Z2$F217702 $8I 996 $6245$aNapoleone 3. in Italia :$bdue mesi di campagna : Montebello, Palestro, Turbigo, Magenta, Melegnano, Solferino, Villafranca$9(OLS)http://semarc/title/403176 996 $6264$aPavia :$bTipografia degli Eredi Bizzoni$9(OLS)http://semarc/publisher/56420 LEADER 01029nam a2200265 i 4500 001 000000119705 003 CaOOAMICUS 005 20180208000000.0 008 180208s2003 it u000 u ita u 013 $a92399 020 $a88-211-8686-5 040 $aSeMil$bita 100 1 $aJankélévitch, Vladimir,$d<1903-1985>.$0(OLS)http://semarc/name/19609 245 13$aIl male /$cVladimir Jankélévitch. 260 $aGenova :$bMarietti 1820,$c2003. 300 $aXV, 95 p. ;$c21 cm. 490 0 $aCollana di filosofia [Marietti]v79 650 4$aMale - Filosofia.$0(OLS)http://semarc/subject/5386 830 0$aCollana di filosofia ;$v79.$0(OLS)http://semarc/title/419438 850 $aSeMil 852 $aSeMil$W1$xVenegono$y1$m2P VI 517$j74912$B74912$CSeMilBibl$Z2$F77095 $81 961 $aRecupero: Seminario di Seveso 996 $6020$a88-211-8686-5$9(OLS)http://semarc/number/104674 996 $6245$aIl male$9(OLS)http://semarc/title/175994 996 $6260$aGenova :$bMarietti 1820$9(OLS)http://semarc/publisher/32400